000 00383nam a2200145Ia 4500
008 230711s9999||||xx |||||||||||||| ||und||
041 _aENG
082 _a624
_bOG-P
100 _aOglesby,Clarkson H.
245 0 _aProductivity improvment in construction
250 _a1st Ed.
260 _c1989
_aNew York
_bTata McGraw Hill Education Limited
650 _aArchitecture
942 _cBK
999 _c1183
_d1183